00751nam a2200241Ia 45000010006000000050017000060070003000230080041000260200018000670400025000850410008001100820025001181000016001432450057001592500014002162600052002303000019002826530027003016530014003289420012003429520138003549990017004922524620240114000837.0ta060422s1987 g b000 u 807 u a81-214-0163-1 aCotton College,Assam a807 a891.43109bNa 133 De aNagendra, . 0aDev aur Uniki Kavita /cNagendra.hTextual Documents a5th ed. / aNew Delhi :bNational publishing house ,c1987. a308p. ;c22cm. aHindi poetry-Criticism aGen-Hindi 2ddccBK 001040708Circulation (G)aSKBLbSKBLd2012-02-01f00000l0o891.43109 Na 133 Dep817/Hindir2024-01-14 00:00:00t1w2012-02-01yBK c25228d25228